| 000 | 00549nam a2200205 a 4500 | ||
|---|---|---|---|
| 001 | 2689 | ||
| 003 | CDMR | ||
| 005 | 20151026134202.0 | ||
| 008 | 130130s1987||||||||||||||||||||||||||||d | ||
| 020 | _a8434482037 | ||
| 024 |
_2DL _aB328741987 |
||
| 040 |
_aCDMR _bcat _cCDMR |
||
| 100 | 1 |
_aAlcoba, Santiago _92018 |
|
| 245 | 1 | 0 | _aLéxico periodístico español |
| 260 |
_aBarcelona _c1987 _bAriel |
||
| 300 | _a362 p. | ||
| 654 |
_93158 _aPeriodisme i llenguatge _vExercicis pràctics |
||
| 654 |
_93772 _aPeriodisme--Manuals d'estil |
||
| 942 |
_cMON _2udc |
||
| 999 |
_c2689 _d2689 |
||